[Event "SVK-ch U20"]
[Site "Dudince"]
[Date "2023.04.20"]
[Round "6"]
[White "Bernard, Martin"]
[Black "Paluska, Karol"]
[Result "0-1"]
[WhiteElo "1409"]
[BlackElo "1965"]
[PlyCount "52"]
[EventDate "2023.04.16"]
[EventType "tourn"]
[EventRounds "9"]
[EventCountry "SVK"]
[SourceTitle "CBM 213 Extra"]
[Source "ChessBase"]
[SourceDate "2023.05.31"]
[SourceVersion "1"]
[SourceVersionDate "2023.05.31"]
[SourceQuality "1"]

1. e4 e6 2. d4 d5 3. exd5 exd5 4. Nf3 Nc6 5. Nc3 Be6 6. Be3 Bd6 7. Bd3 Nge7 8. 0-0 Qd7 9. a3 h5 10. h4 Bg4 11. Be2 f6 12. g3 0-0-0 13. b4 Rdg8 14. Nb5 Nf5 15. Nxd6+ Nxd6 16. b5 Ne7 17. a4 Ne4 18. Qd3 g5 19. c4 Bxf3 20. Bxf3 gxh4 21. Bxe4 dxe4 22. Qxe4 Rg4 23. Qf3 Rhg8 24. Bf4 Ng6 25. Kh1 hxg3 26. fxg3 Nxf4 0-1

[Event "SVK-ch U20"]
[Site "Dudince"]
[Date "2023.04.16"]
[Round "1"]
[White "Bernard, Martin"]
[Black "Salgovic, Simon"]
[Result "0-1"]
[WhiteElo "1409"]
[BlackElo "2126"]
[PlyCount "78"]
[EventDate "2023.04.16"]
[EventType "tourn"]
[EventRounds "9"]
[EventCountry "SVK"]
[SourceTitle "CBM 213 Extra"]
[Source "ChessBase"]
[SourceDate "2023.05.31"]
[SourceVersion "1"]
[SourceVersionDate "2023.05.31"]
[SourceQuality "1"]

1. e4 d6 2. d4 Nf6 3. Nc3 e5 4. dxe5 dxe5 5. Qxd8+ Kxd8 6. Nf3 Bd6 7. Bg5 Be6 8. 0-0-0 Ke7 9. Nd5+ Bxd5 10. Rxd5 Nbd7 11. Be2 h6 12. Bxf6+ Nxf6 13. Rb5 a6 14. Rxb7 Nxe4 15. Rb3 f5 16. Re1 Kf6 17. Bc4 Nc5 18. Rbe3 e4 19. Nd4 Bf4 20. b4 Na4 21. g3 Bxe3+ 22. Rxe3 Nb6 23. Bb3 a5 24. a3 axb4 25. axb4 Ra1+ 26. Kb2 Rf1 27. f3 Rd8 28. Kc3 exf3 29. h4 Nd5+ 30. Bxd5 Rxd5 31. Nxf3 g5 32. Kc4 Rd6 33. hxg5+ hxg5 34. Nd4 f4 35. gxf4 gxf4 36. Re4 f3 37. Rf4+ Ke5 38. Rh4 f2 39. Rh5+ Kf4 0-1